000 00591nam a2200253Ia 4500
005 20250425162156.0
008 250425s9999 xx 000 0 und d
020 _a9978160353
041 _aspa
043 _aec
082 _a986.6
100 _aADOUM, JORGE ENRIQUE
245 0 _aCRONOLOGÌA DEL SIGLO XX: CULTURA Y POLÌTICA EN ECUADOR Y EL MUNDO
250 _a1A ED.
260 _aEcuador
_bESKELETRA
_c1950
260 _aQUITO
300 _a199
650 _aCULTURA
650 _aMUNDO
650 _aPOLITICA
650 _aSIGLO XX
942 _c01
010 _a54355
999 _c223858
_d223858